[Event "Edmonton-ch"]
[Site "Edmonton"]
[Date "2011.01.13"]
[Round "1.2"]
[White "Holmstrom, Phil"]
[Black "Gicev, Blagoja"]
[Result "0-1"]
[WhiteElo "1816"]
[BlackElo "2386"]
[PlyCount "46"]
[EventDate "2011.01.06"]
[EventType "k.o."]
[EventRounds "4"]
[EventCountry "CAN"]
[SourceTitle "EXT 2013"]
[Source "ChessBase"]
[SourceDate "2012.11.22"]
[SourceVersion "1"]
[SourceVersionDate "2012.11.22"]
[SourceQuality "1"]

1. e4 c5 2. Nc3 a6 3. g3 b5 4. Bg2 Bb7 5. d3 e6 6. f4 d6 7. Nh3 Nc6 8. f5 b4 9. Ne2 e5 10. 0-0 Nf6 11. Nf2 Be7 12. g4 Nd7 13. a3 Bg5 14. axb4 cxb4 15. c3 h6 16. Ng3 Bxc1 17. Rxc1 0-0 18. d4 exd4 19. cxd4 Qb6 20. Ne2 Rac8 21. Kh1 a5 22. d5 Nce5 23. Nf4 Rxc1 0-1

[Event "Skopje op 18th"]
[Site "Skopje"]
[Date "2002.01.22"]
[Round "8"]
[White "Rusomanov, Atanas"]
[Black "Gicev, Blagoja"]
[Result "0-1"]
[WhiteElo "2182"]
[BlackElo "2336"]
[PlyCount "82"]
[EventDate "2002.01.15"]
[EventType "swiss"]
[EventRounds "9"]
[EventCountry "MKD"]
[SourceTitle "CBM 088"]
[Source "ChessBase"]
[SourceDate "2002.03.21"]
[SourceVersion "1"]
[SourceVersionDate "2002.03.21"]
[SourceQuality "1"]

1. e4 c5 2. Nf3 Nc6 3. d4 cxd4 4. Nxd4 g6 5. c4 Nf6 6. Nc3 d6 7. Be2 Nxd4 8. Qxd4 Bg7 9. Be3 0-0 10. Qd2 Be6 11. Rc1 Qa5 12. f3 Rfc8 13. b3 a6 14. Na4 Qxd2+ 15. Kxd2 Nd7 16. g4 f5 17. exf5 gxf5 18. h3 Rf8 19. f4 Nf6 20. Rhg1 Ne4+ 21. Ke1 Kh8 22. Bd3 Rac8 23. Ke2 Nc5 24. Nxc5 dxc5 25. Rcd1 b6 26. Kf3 Bh6 27. Bc1 Bg7 28. Rge1 Rc6 29. gxf5 Bf7 30. Be4 Rh6 31. Kg2 Rg8 32. Kh2 Bd4 33. Be3 Rd6 34. Bxd4+ cxd4 35. Bf3 Rd7 36. Re5 Rgd8 37. Rde1 d3 38. Kg3 d2 39. Rd1 Rd3 40. Re2 Bh5 41. Rf2 Rg8+ 0-1

[Event "EU-ch 2nd"]
[Site "Ohrid"]
[Date "2001.06.12"]
[Round "11"]
[White "Gicev, Blagoja"]
[Black "Blatny, Pavel"]
[Result "1-0"]
[WhiteElo "2336"]
[BlackElo "2547"]
[PlyCount "67"]
[EventDate "2001.06.01"]
[EventType "swiss"]
[EventRounds "13"]
[EventCountry "YUG"]
[SourceTitle "CBM 084"]
[Source "ChessBase"]
[SourceDate "2001.09.13"]
[SourceVersion "1"]
[SourceVersionDate "2001.09.13"]
[SourceQuality "1"]

1. e4 b6 2. d4 Bb7 3. Nd2 e6 4. Ngf3 c5 5. c3 Nf6 6. Bd3 Nc6 7. a3 d5 8. e5 Nd7 9. 0-0 a5 10. Re1 Qc8 11. Bc2 cxd4 12. cxd4 Ba6 13. Nf1 Bxf1 14. Rxf1 b5 15. Be3 a4 16. Ng5 Be7 17. Nxh7 g6 18. Ng5 Bxg5 19. Bxg5 Nxd4 20. Qxd4 Qxc2 21. Rac1 Qe4 22. Qa7 d4 23. Qc7 f6 24. Bxf6 Rh7 25. Qd6 Nxf6 26. Qxe6+ Re7 27. Qxf6 d3 28. Rce1 Qd5 29. e6 Qh5 30. Re5 Qh7 31. Rd5 g5 32. Rd1 Rc8 33. R5xd3 Qg7 34. Qf5 1-0

[Event "EU-ch 2nd"]
[Site "Ohrid"]
[Date "2001.06.10"]
[Round "9"]
[White "Gicev, Blagoja"]
[Black "Trkaljanov, Vladimir"]
[Result "1/2-1/2"]
[WhiteElo "2336"]
[BlackElo "2249"]
[PlyCount "23"]
[EventDate "2001.06.01"]
[EventType "swiss"]
[EventRounds "13"]
[EventCountry "YUG"]
[SourceTitle "CBM 084"]
[Source "ChessBase"]
[SourceDate "2001.09.13"]
[SourceVersion "1"]
[SourceVersionDate "2001.09.13"]
[SourceQuality "1"]

1. e4 c5 2. Nf3 Nc6 3. d4 cxd4 4. Nxd4 e5 5. Nb5 a6 6. Nd6+ Bxd6 7. Qxd6 Qf6 8. Qc7 Nge7 9. Nc3 Qe6 10. Be3 d5 11. exd5 Nxd5 12. Nxd5 1/2-1/2

[Event "EU-ch 2nd"]
[Site "Ohrid"]
[Date "2001.06.04"]
[Round "4"]
[White "Gicev, Blagoja"]
[Black "Rossi, Carlo"]
[Result "0-1"]
[WhiteElo "2336"]
[BlackElo "2418"]
[PlyCount "78"]
[EventDate "2001.06.01"]
[EventType "swiss"]
[EventRounds "13"]
[EventCountry "YUG"]
[SourceTitle "CBM 084"]
[Source "ChessBase"]
[SourceDate "2001.09.13"]
[SourceVersion "1"]
[SourceVersionDate "2001.09.13"]
[SourceQuality "1"]

1. e4 Nc6 2. d4 d5 3. Nc3 Nf6 4. e5 Ng8 5. Nge2 Bf5 6. Be3 e6 7. Nf4 Qd7 8. g4 Bg6 9. h4 f6 10. exf6 gxf6 11. Nxg6 hxg6 12. Bd3 Qf7 13. Qd2 0-0-0 14. 0-0-0 Bb4 15. a3 Ba5 16. Bb5 Nge7 17. Qd3 e5 18. Na4 Bb6 19. Nxb6+ axb6 20. f3 Kb8 21. Kb1 Rd6 22. Bf2 Rh7 23. Rde1 Nxd4 24. Bxd4 exd4 25. Qxd4 Re6 26. Qb4 Re5 27. Rd1 Qe6 28. Bd3 Rh8 29. Rh3 Re3 30. Qd2 f5 31. gxf5 gxf5 32. Rdh1 Rh5 33. f4 Rxh3 34. Rxh3 Ng6 35. Re3 Qf7 36. Bb5 c6 37. Bd3 Rxh4 38. Qe1 Rxf4 39. Re6 Ka7 0-1

[Event "EU-ch 2nd"]
[Site "Ohrid"]
[Date "2001.06.03"]
[Round "3"]
[White "Godena, Michele"]
[Black "Gicev, Blagoja"]
[Result "1-0"]
[WhiteElo "2494"]
[BlackElo "2336"]
[PlyCount "51"]
[EventDate "2001.06.01"]
[EventType "swiss"]
[EventRounds "13"]
[EventCountry "YUG"]
[SourceTitle "CBM 084"]
[Source "ChessBase"]
[SourceDate "2001.09.13"]
[SourceVersion "1"]
[SourceVersionDate "2001.09.13"]
[SourceQuality "1"]

1. e4 c5 2. Nf3 d6 3. Bc4 Nc6 4. c3 Nf6 5. d3 e6 6. Bb3 Be7 7. 0-0 0-0 8. Re1 b5 9. a3 Qc7 10. Nbd2 Rb8 11. Nf1 a5 12. d4 e5 13. dxc5 dxc5 14. a4 c4 15. axb5 cxb3 16. bxc6 Ba6 17. Ne3 Rfd8 18. Nd5 Nxd5 19. exd5 Bf6 20. Bg5 Bxg5 21. Nxg5 Bc4 22. Qh5 h6 23. Qxf7+ Qxf7 24. Nxf7 Rxd5 25. Nxe5 Rc5 26. Nd7 1-0

[Event "EU-ch 2nd"]
[Site "Ohrid"]
[Date "2001.06.01"]
[Round "1"]
[White "Gicev, Blagoja"]
[Black "Jobava, Baadur"]
[Result "0-1"]
[WhiteElo "2336"]
[BlackElo "2543"]
[PlyCount "92"]
[EventDate "2001.06.01"]
[EventType "swiss"]
[EventRounds "13"]
[EventCountry "YUG"]
[SourceTitle "CBM 084"]
[Source "ChessBase"]
[SourceDate "2001.09.13"]
[SourceVersion "1"]
[SourceVersionDate "2001.09.13"]
[SourceQuality "1"]

1. e4 c5 2. Nf3 d6 3. d4 Nf6 4. Nc3 cxd4 5. Nxd4 Nc6 6. Be2 e5 7. Nb3 Be7 8. 0-0 0-0 9. f4 exf4 10. Bxf4 Be6 11. Kh1 Rc8 12. Qe1 Ne8 13. Rd1 Bg5 14. Bg3 a6 15. e5 d5 16. Bf3 Nb4 17. Qe2 Nc7 18. a3 Nc6 19. Ne4 Bh4 20. Bf4 Qe7 21. Nc3 Rcd8 22. Be3 d4 23. Nxd4 Nxe5 24. Nxe6 Rxd1 25. Rxd1 Nxe6 26. Nd5 Qe8 27. Bg1 Nxf3 28. Qxf3 Qa4 29. Ne3 Qb5 30. b3 Rd8 31. Rxd8+ Bxd8 32. Nc4 Qd7 33. h3 Bc7 34. Qxb7 g6 35. Qf3 Nd4 36. Qd3 Nf5 37. Bh2 Qe7 38. Bxc7 Qxc7 39. g4 Nh4 40. Kg1 Qe7 41. Kf2 Qf6+ 42. Ke2 Ng2 43. Qd6 Qh4 44. Qxa6 Qe1+ 45. Kd3 Nf4+ 46. Kd4 Ne6+ 0-1

[Event "Skopje op"]
[Site "Skopje"]
[Date "1998.12.15"]
[Round "4"]
[White "Nedev, Trajce"]
[Black "Gicev, Blagoja"]
[Result "1/2-1/2"]
[WhiteElo "2435"]
[BlackElo "2275"]
[PlyCount "108"]
[EventDate "1998.12.??"]
[EventType "swiss"]
[EventRounds "9"]
[EventCountry "MKD"]
[SourceTitle "EXT 2000"]
[Source "ChessBase"]
[SourceDate "1999.11.16"]
[SourceVersion "1"]
[SourceVersionDate "1999.11.16"]
[SourceQuality "1"]

1. e4 c5 2. Nf3 g6 3. d4 cxd4 4. Qxd4 Nf6 5. e5 Nc6 6. Qa4 Nd5 7. Qe4 Ndb4 8. Na3 d5 9. Qf4 Bg7 10. Bd2 a5 11. c3 Na6 12. 0-0-0 Bf5 13. g4 Be6 14. Nc2 Qc7 15. Bxa6 Rxa6 16. Rde1 b5 17. Ncd4 Nxd4 18. Nxd4 b4 19. h4 0-0 20. Qg3 a4 21. Kb1 a3 22. b3 bxc3 23. Bxc3 Bxg4 24. Rc1 h5 25. Rhe1 Qd7 26. Ka1 Bh6 27. f4 e6 28. Bd2 Raa8 29. Qd3 Kh7 30. Rc6 Qe7 31. Qg3 Qa7 32. Be3 Qd7 33. Rec1 Rfc8 34. Qe1 Bf8 35. b4 Rxc6 36. Rxc6 Rb8 37. Bd2 Qa7 38. Nb3 Qa4 39. Rc7 Kg8 40. Nc5 Bxc5 41. Rxc5 d4 42. Ra5 Qc2 43. Rxa3 Bf5 44. Rb3 Rc8 45. b5 Be4 46. Rb2 Qd3 47. Rb3 Qc2 48. b6 Bd5 49. Rb2 Qa4 50. Qb1 Qa6 51. Be1 d3 52. Bd2 Rc2 53. Be3 Be4 54. Bd2 Bd5 1/2-1/2

[Event "Skopje op"]
[Site "Skopje"]
[Date "1998.12.13"]
[Round "2"]
[White "Dimitrov, Vladimir"]
[Black "Gicev, Blagoja"]
[Result "0-1"]
[WhiteElo "2470"]
[BlackElo "2275"]
[PlyCount "74"]
[EventDate "1998.12.??"]
[EventType "swiss"]
[EventRounds "9"]
[EventCountry "MKD"]
[SourceTitle "EXT 2000"]
[Source "ChessBase"]
[SourceDate "1999.11.16"]
[SourceVersion "1"]
[SourceVersionDate "1999.11.16"]
[SourceQuality "1"]

1. c4 g6 2. Nc3 Bg7 3. d4 Nf6 4. e4 d6 5. Nf3 0-0 6. Be2 e5 7. 0-0 Nc6 8. d5 Ne7 9. Nd2 a5 10. a3 Nd7 11. Rb1 f5 12. b4 axb4 13. axb4 Kh8 14. Qc2 Ng8 15. exf5 gxf5 16. f4 exf4 17. Nf3 Ne5 18. Bxf4 Ne7 19. Qd2 N7g6 20. Bg5 Qd7 21. Nd4 Nf7 22. Be3 f4 23. Bxf4 Nxf4 24. Rxf4 Qe7 25. Nf5 Bxf5 26. Rxf5 Ne5 27. Rxf8+ Rxf8 28. Rf1 Rxf1+ 29. Bxf1 Qh4 30. Nb5 Nxc4 31. Qc2 Bd4+ 32. Kh1 Ne3 33. Qe2 Bb6 34. Qf3 Kg8 35. Nxc7 Qe1 36. Ne8 Nxf1 37. Nf6+ Kh8 0-1

[Event "FRM-ch"]
[Site "Struga"]
[Date "1993.??.??"]
[Round "3"]
[White "Jacimovic, Dragoljub"]
[Black "Gicev, Blagoja"]
[Result "1/2-1/2"]
[WhiteElo "2405"]
[BlackElo "2320"]
[PlyCount "29"]
[EventDate "1993.??.??"]
[EventType "swiss"]
[EventRounds "13"]
[EventCountry "MKD"]
[SourceTitle "EXT 1999"]
[Source "ChessBase"]
[SourceDate "1998.11.16"]
[SourceVersion "1"]
[SourceVersionDate "1998.11.16"]
[SourceQuality "1"]

1. d4 Nf6 2. c4 g6 3. Nc3 Bg7 4. e4 d6 5. Be2 0-0 6. Nf3 e5 7. 0-0 Nc6 8. d5 Ne7 9. a4 Nh5 10. g3 f5 11. Nh4 Nf6 12. exf5 Nxf5 13. Nxf5 gxf5 14. f4 Ne4 15. Nxe4 1/2-1/2

[Event "FRM-ch"]
[Site "Struga"]
[Date "1993.??.??"]
[Round "7"]
[White "Vasovski, Nikola"]
[Black "Gicev, Blagoja"]
[Result "0-1"]
[WhiteElo "2295"]
[BlackElo "2320"]
[PlyCount "52"]
[EventDate "1993.??.??"]
[EventType "swiss"]
[EventRounds "13"]
[EventCountry "MKD"]
[SourceTitle "EXT 1999"]
[Source "ChessBase"]
[SourceDate "1998.11.16"]
[SourceVersion "1"]
[SourceVersionDate "1998.11.16"]
[SourceQuality "1"]

1. d4 Nf6 2. c4 g6 3. Nf3 Bg7 4. g3 0-0 5. Bg2 d6 6. 0-0 Nc6 7. Nc3 Bf5 8. Nh4 Bd7 9. b3 a6 10. Bb2 Rb8 11. Rc1 Na5 12. Qd2 b5 13. cxb5 axb5 14. Nd1 b4 15. Ne3 c6 16. Nc4 Nxc4 17. Rxc4 Qb6 18. Rfc1 Rfc8 19. Bf3 Qa6 20. Ra1 Rb5 21. Rxb4 Rxb4 22. Qxb4 g5 23. Ng2 g4 24. Bxg4 Bxg4 25. Nf4 Nd5 26. Nxd5 cxd5 0-1

[Event "Star Dojran"]
[Site "Star Dojran"]
[Date "1991.??.??"]
[Round "11"]
[White "Gicev, Blagoja"]
[Black "Bogdanovski, Vlatko"]
[Result "1/2-1/2"]
[WhiteElo "2315"]
[BlackElo "2440"]
[PlyCount "32"]
[EventDate "1991.??.??"]
[EventType "tourn"]
[EventRounds "11"]
[EventCountry "YUG"]
[EventCategory "7"]
[SourceTitle "TD"]
[Source "ChessBase"]
[SourceDate "1994.03.01"]
[SourceVersion "1"]
[SourceVersionDate "1994.03.01"]
[SourceQuality "1"]

1. e4 d6 2. d4 Nf6 3. Nc3 g6 4. Be3 c6 5. a4 Nbd7 6. Nf3 Bg7 7. h3 Qc7 8. Bd3 0-0 9. a5 e5 10. 0-0 Re8 11. dxe5 Nxe5 12. Nxe5 dxe5 13. b4 Nh5 14. b5 Nf4 15. Qf3 Be6 16. Bxa7 cxb5 1/2-1/2

[Event "Star Dojran"]
[Site "Star Dojran"]
[Date "1991.??.??"]
[Round "4"]
[White "Gicev, Blagoja"]
[Black "Nedev, Trajce"]
[Result "1-0"]
[WhiteElo "2315"]
[BlackElo "2215"]
[PlyCount "91"]
[EventDate "1991.??.??"]
[EventType "tourn"]
[EventRounds "11"]
[EventCountry "YUG"]
[EventCategory "7"]
[SourceTitle "TD"]
[Source "ChessBase"]
[SourceDate "1994.03.01"]
[SourceVersion "1"]
[SourceVersionDate "1994.03.01"]
[SourceQuality "1"]

1. e4 c5 2. Nf3 Nc6 3. d4 cxd4 4. Nxd4 Nf6 5. Nc3 e5 6. Ndb5 d6 7. Nd5 Nxd5 8. exd5 Ne7 9. c3 Nf5 10. a4 Be7 11. Bd3 0-0 12. 0-0 Nh4 13. f4 a6 14. Na3 exf4 15. Bxf4 Ng6 16. Bg3 Bh4 17. Bxh4 Nxh4 18. Nc4 b6 19. a5 bxa5 20. Qd2 Bd7 21. Nxa5 Ng6 22. Bxg6 hxg6 23. b4 Rb8 24. Qd4 Qc7 25. Rfe1 Rfe8 26. Kf2 Qd8 27. Rxe8+ Bxe8 28. Re1 Qc8 29. Kg1 Qc7 30. h3 Ba4 31. Kh1 Rc8 32. Re3 Kf8 33. Qh4 f6 34. Qg4 Re8 35. Rxe8+ Bxe8 36. Qd4 Qe7 37. Nc6 Qe2 38. c4 g5 39. c5 Bg6 40. cxd6 Be4 41. Qxe4 Qxe4 42. d7 Kg8 43. d8Q+ Kh7 44. Qd6 g4 45. Qe6 Qb1+ 46. Kh2 1-0

[Event "Star Dojran"]
[Site "Star Dojran"]
[Date "1991.??.??"]
[Round "1"]
[White "Topalov, Veselin"]
[Black "Gicev, Blagoja"]
[Result "1/2-1/2"]
[WhiteElo "2455"]
[BlackElo "2315"]
[PlyCount "81"]
[EventDate "1991.??.??"]
[EventType "tourn"]
[EventRounds "11"]
[EventCountry "YUG"]
[EventCategory "7"]
[SourceTitle "TD"]
[Source "ChessBase"]
[SourceDate "1994.03.01"]
[SourceVersion "1"]
[SourceVersionDate "1994.03.01"]
[SourceQuality "1"]

1. d4 Nf6 2. c4 g6 3. Nc3 Bg7 4. Bg5 d6 5. Qd2 Nbd7 6. Bh6 Bxh6 7. Qxh6 c5 8. Nf3 Qa5 9. Qd2 cxd4 10. Nxd4 Ne5 11. e3 0-0 12. Be2 Bd7 13. f4 Nc6 14. Nb3 Qb4 15. Rc1 Be6 16. Nb5 Qxd2+ 17. Nxd2 Rac8 18. Kf2 a6 19. Nd4 Nxd4 20. exd4 Rc7 21. a4 a5 22. b4 axb4 23. Rb1 Ra8 24. Rxb4 Bd7 25. Ra1 Bc6 26. Bf3 Ra7 27. Nb1 Bxf3 28. Kxf3 Ra6 29. Ra2 b6 30. Nc3 Kf8 31. Rab2 Nd7 32. g4 Rc8 33. Nb5 Ke8 34. h4 Kd8 35. f5 Rca8 36. Ra2 Nb8 37. fxg6 fxg6 38. c5 bxc5 39. dxc5 dxc5 40. Re4 Nc6 41. Rd2+ 1/2-1/2

[Event "Ravenna-J"]
[Site "Ravenna"]
[Date "1983.??.??"]
[Round "?"]
[White "Gicev, Blagoja"]
[Black "Gallagher, Joseph G"]
[Result "1/2-1/2"]
[WhiteElo "2230"]
[BlackElo "2250"]
[PlyCount "65"]
[EventDate "1983.04.08"]
[EventType "swiss"]
[EventRounds "9"]
[EventCountry "ITA"]
[SourceTitle "EXT 1999"]
[Source "ChessBase"]
[SourceDate "1998.11.16"]
[SourceVersion "1"]
[SourceVersionDate "1998.11.16"]
[SourceQuality "1"]

1. e4 c5 2. Nf3 d6 3. d4 cxd4 4. Nxd4 Nf6 5. Nc3 a6 6. Bg5 e6 7. f4 b5 8. e5 dxe5 9. fxe5 Qc7 10. Qe2 Nfd7 11. 0-0-0 Bb7 12. Qg4 Qxe5 13. Bxb5 axb5 14. Rhe1 h5 15. Qh4 Qc5 16. Ncxb5 Bd5 17. Nc3 Bxa2 18. Ne4 Qb4 19. Nf5 Bd5 20. Nxg7+ Bxg7 21. Nf6+ Bxf6 22. Qxb4 Bxg5+ 23. Kb1 Nc6 24. Qd6 Be7 25. Qc7 Ba2+ 26. Ka1 Bd5+ 27. Kb1 Ra7 28. Qc8+ Nd8 29. Rxd5 exd5 30. Qc3 Rh6 31. Rxe7+ Kxe7 32. Qe3+ Re6 33. Qxa7 1/2-1/2